| 000 | 01640cab a2200241 4500 | ||
|---|---|---|---|
| 001 | L129991 | ||
| 008 | 050613n2005 000 0 eng u | ||
| 035 | _a(Sirsi) u129991 | ||
| 041 | _aeng | ||
| 100 | _aDowden, Malcolm | ||
| 245 | _aOperators see the light | ||
| 260 | _c2005 | ||
| 490 |
_aEstates Gazette _v(0522) 4 June 2005, 124-126(3) |
||
| 520 | _aConsiders what the telecommunications industry has done to counter the negative public perception of the effectiveness of the controls on the location and development of mobile phone sites. Looks at the 10 commitments signed up to by the mobile operators in 2000, which set out best practice for community and planner consultations and committed operators to funding and facilitating research on the health risks associated with telecommunications equipment. Looks at the improvements since the formation of the Mobile Operators' Association in 2003. Examines how safeguards and protection can be built into base-station site agreements to meet the key concerns of landowners and estate managers. Concludes that the industry is developing a balanced approach to addressing the issues affecting government, landowners and the public. Appended is an explanation by members of the RICS Telecommunications Forum of how sites are selected and what criteria are used. | ||
| 590 | _aIKA210605 | ||
| 690 | _aPROPERTY-INFRASTRUCTURE-TELECOMMUNICATIONS INFRASTRUCTURE | ||
| 700 | _aShort, Elinor | ||
| 700 | _aBlatt, Derek | ||
| 700 | _aGallivan, Tom | ||
| 700 | _aHickish, Leo | ||
| 710 |
_aRoyal Institution of Chartered Surveyors _bTelecommunications Forum _94469 |
||
| 942 | _n0 | ||
| 999 |
_c75378 _d75378 |
||